Statistics for How Many Sonic Levels Can You Name?

Click here to take the quiz!

General Stats

  • This quiz has been taken 389 times
    (385 since last reset)
  • The average score is 44 of 119

Answer Stats

GameAnswer% Correct
Sonic 1Green Hill
97%
Sonic 1Marble
84%
Sonic 2Chemical Plant
80%
Sonic 2Emerald Hill
80%
Sonic 1Final
74%
Sonic & Knuckles | Sonic 2Death Egg
72%
Sonic 1Star Light
71%
Sonic 3Angel Island
68%
Sonic 2Casino Night
67%
Sonic Adventure 2 (Sonic only)City Escape
67%
Sonic 1Labyrinth
67%
Sonic 1Scrap Brain
65%
Sonic 1Spring Yard
63%
Sonic & KnucklesMushroom Hill
62%
Sonic 2Hill Top
60%
Sonic 3IceCap
60%
Sonic AdventureIcecap
60%
Sonic 2Metropolis
59%
Sonic 2Oil Ocean
58%
Sonic HeroesSeaside Hill / Ocean Palace
57%
Sonic 3Hydrocity
56%
Sonic CDPalmtree Panic
55%
Sonic AdventureEmerald Coast
54%
Sonic & KnucklesFlying Battery
54%
Sonic 2Aquatic Ruin
53%
Sonic & KnucklesSky Sanctuary
53%
Sonic 2Mystic Cave
52%
Sonic 2 | Sonic AdventureSky Chase
52%
Sonic UnleashedSpagonia / Rooftop Run
51%
Sonic ColorsPlanet Wisp
49%
Sonic 3Carnival Night
48%
Sonic the Hedgehog (2006)Crisis City
48%
Sonic 3Marble Garden
48%
Sonic CDStardust Speedway
48%
Sonic & KnucklesLava Reef
46%
Sonic & KnucklesSandopolis
44%
Sonic AdventureSpeed Highway
44%
Sonic CDMetallic Madness
43%
Sonic CDWacky Workbench
43%
Sonic HeroesCasino Park / BINGO Highway
42%
Sonic 2Wing Fortress
42%
Sonic 3Launch Base
41%
Sonic ColorsTropical Resort
41%
Sonic HeroesEgg Fleet / Final Fortress
40%
Sonic Adventure 2 (Sonic only)Metal Harbor
40%
Sonic UnleashedEggmanland / Crimson Carnival
38%
Sonic & KnucklesHidden Palace
38%
Sonic & KnucklesDoomsday
37%
Sonic HeroesGrand Metropolis / Power Plant
37%
Sonic Adventure 2 (Sonic only)Green Forest
37%
Sonic the Hedgehog (2006)Wave Ocean
37%
Sonic HeroesFrog Forest / Lost Jungle
36%
Sonic UnleashedApotos / Windmill Isle
35%
Sonic AdventureCasinopolis
35%
Sonic CDCollision Chaos
35%
Sonic Adventure 2 (Sonic only)Final Rush
35%
Sonic HeroesHang Castle / Mystic Mansion
35%
Sonic 4: Episode 1Splash Hill
35%
Sonic CDQuartz Quadrant
34%
Extra (Sonic Adventure 2; Knuckles)Pumpkin Hill
33%
Extra (Sonic Adventure 2; Shadow)Radical Highway
33%
Sonic AdventureRed Mountain
33%
Sonic ColorsSweet Mountain
33%
Sonic CDTidal Tempest
33%
Sonic AdventureWindy Valley
33%
Sonic ColorsAsteroid Coaster
32%
Sonic Adventure 2 (Sonic only)Crazy Gadget
32%
Sonic AdventureFinal Egg
32%
Extra (Sonic Adventure 2; Sonic, must include "Zone" for this one!)Green Hill Zone
32%
Sonic ColorsAquarium Park
31%
Sonic the Hedgehog (2006)Kingdom Valley
31%
Sonic HeroesRail Canyon / Bullet Station
31%
Sonic AdventureTwinkle Park
31%
Sonic UnleashedAdabat / Jungle Joyride
30%
Sonic UnleashedChun-Nan / Dragon Road
30%
Sonic UnleashedEmpire City / Skyscraper Scamper
30%
Sonic ColorsStarlight Carnival
30%
Sonic UnleashedHoloska / Cool Edge
28%
Sonic AdventureLost World
27%
Sonic HeroesMetal Madness / Metal Overlord
26%
Sonic Adventure 2 (Sonic only)Pyramid Cave
26%
Sonic the Hedgehog (2006)White Acropolis
26%
Sonic UnleashedMazuri / Savannah Citadel
25%
Sonic ColorsTerminal Velocity
25%
Sonic Adventure 2 (Sonic only)Cannon's Core
24%
Sonic the Hedgehog (2006)Dusty Desert
24%
Sonic the Hedgehog (2006)Flame Core
24%
Sonic the Hedgehog (2006)Aquatic Base
23%
Sonic UnleashedShamar / Arid Sands
23%
Sonic AdventureSky Deck
22%
Sonic the Hedgehog (2006)End of the World
20%
Sonic the Hedgehog (2006)Radical Train
20%
Sonic 4: Episode 1Lost Labyrinth
16%
Sonic 4: Episode 1Mad Gear
16%
Extra (Sonic 4: Episode 2)Sky Fortress
16%
Sonic the Hedgehog (2006)Tropical Jungle
16%
Extra (Sonic 3)Azure Lake
15%
Sonic 4: Episode 1Casino Street
15%
Extra (Sonic 4: Episode 2)Death Egg mk.II
15%
Extra (Sonic Spinball)Toxic Caves
15%
Extra (Sonic 3)Endless Mine
14%
Extra (Sonic Advance)Neo Green Hill
14%
Extra (Sonic 3)Chrome Gadget
13%
Extra (Sonic Adventure 2; Tails)Mission Street
13%
Extra (Sonic 4: Episode 2)Sylvania Castle
13%
Extra (Sonic 4: Episode 2)White Park
13%
Extra (Sonic Colors)Game Land
12%
Extra (Sonic Advance 3)Route 99
12%
Extra (Sonic Adventure 2; Eggman)Cosmic Wall
11%
Sonic 4: Episode 1E.G.G. Station
11%
Extra (Sonic Adventure 2; Rouge)Mad Space
11%
Extra (Sonic 4: Episode 2)Oil Desert
11%
Extra (Sonic 3)Balloon Park
10%
Extra (Sonic 3)Desert Palace
7%
Extra (Sonic Rush)Leaf Storm
5%
Extra (Sonic Riders)Babylon Garden
4%
Extra (Sonic Rush Adventure)Haunted Ship
4%

Score Distribution

Percentile by Number Answered

Percent of People with Each Score

Your Score History

You have not taken this quiz since the last reset